00662nam a2200205Ia 4500003000400000005001700004008004100021020002900062040001700091082002600108100001700134245006900151260002300220300002100243500001900264650001700283942000900300952013200309999001500441IIN20250526123604.0250526s2025 xx ad 001 0 eng d cRs.495.00a9788197260780 aIINbEnglish a615.1 bSET1 aSethi, Dipak1 aTextbook of Pharmacologybfor BSc. Nurses Students/cDipak Sethi aDelhibAITBSc2025 axx, 420 p.bill. aIncludes Index1 aPharmacology cBOOK 00102ddc40708PURCHaIINbIINcGENd2025-04-21g495.00l0o615.1 SETp2071r2025-05-26 12:36:39w2025-05-26yBOOK c1842d1842